Sanat: Ruoska - Käärijä (feat. Erika Vikman) - Statistics

Yleistilastot
  • Tätä visaa on pelattu 48 kertaa
  • Keskiarvotulos 164 / 248
Vastaustilastot
Hint Vastaus % Oikein
ruoskaa
100%
tulee
100%
ja
98%
kiihottaa
98%
kipu
98%
sun
93%
vaikka
90%
annoin
88%
kaikkeni
88%
Chorus Miksi
86%
mun
86%
elämä
83%
elämääni
83%
kaltoin
83%
kohtelet
83%
ei
81%
81%
maistu
74%
pulla
74%
on
71%
en
60%
aamukahvi
57%
ku
57%
olo
57%
tuntuu
55%
oo
52%
oon
52%
runnellulta
52%
anna
50%
edessäni
50%
kun
50%
syliäsi
50%
kiipeliin
48%
tulla
48%
ennen
45%
hei
45%
armoo
43%
beibi
43%
antaisit
40%
huoltsikal
40%
Verse 1 Istun
40%
taas
40%
tuntisi
40%
et
38%
satkulla
38%
trillerii
38%
valmis
38%
eläväni
36%
fillarii
36%
iha
36%
siitä
36%
jäädä
33%
jo
33%
kiviset
33%
niin
33%
tullu
33%
masokisti
31%
mua
31%
mut
31%
Verse 2 Lunta
29%
nää
29%
virtaukset
29%
ahdistukset
26%
hemo
26%
kilsoi
26%
maistaa
26%
veistelly
26%
Justin
24%
mittaariin
24%
päässy
24%
painettu
24%
polkenu
24%
sukset
24%
tarvii
24%
vastoinkäymiset
24%
Baby
21%
Bieberii
21%
Kari-Pekka
21%
kosteuden
21%
linkkari
21%
mittaukset
21%
paljon
21%
Riesenii
21%
tahdon
21%
vastaan
21%
iltamiin
19%
tupaan
19%
kolhinu
17%
luokkaa
17%
mettäpolut
17%
rappukäytävän
17%
riitä
17%
esteenä
14%
Kinderi
14%
mitkään
14%
pintanaarmut
14%
portail
14%
ruvella
14%
taloyhtiössä
14%
nyt
12%
polvet
12%
seuraa
10%
haasteet
7%
Ehtoja vastaavia visoja ei löytynyt
Tulosjakauma
Jokaisen tuloksen saaneiden osuus
Persentiili vastausten määrän mukaan
Tuloshistoriasi
Et ole pelannut tätä visaa